| 000 | 00373nam a22001217a 4500 | ||
|---|---|---|---|
| 082 | _aTHE 200 | ||
| 100 |
_aMUHAMMAD TAYYAB RIAZ JANJUA, _972880 |
||
| 245 | _aTH-SOF-0623-SIZE ESTIMATION IN NON-RIGID OBJECT TRACKING.PDF | ||
| 260 |
_aNUST COLLEGE OF EME _bISLAMABAD _c2018 |
||
| 650 |
_aMS-ELECT-40 MSTHESIS _972881 |
||
| 700 |
_aDR MUHAMMAD BILAL MALIK _917324 |
||
| 942 | _cCF | ||
| 999 |
_c578850 _d578850 |
||